| 000 | 00388cam a2200169ua 4500 | ||
|---|---|---|---|
| 020 | _c1.50 | ||
| 041 |
_amal _h |
||
| 082 |
_a894.8124 _bGEO/NI |
||
| 100 | _aGeorge, K M . | ||
| 245 |
_aNireekshana nilayam / _cK M George. _hTextual Documents |
||
| 260 |
_a : _bK M George , _c1955. |
||
| 300 | _a161 ; . | ||
| 365 | _a1.50 | ||
| 504 | _a | ||
| 942 | _cBK | ||
| 999 |
_c5804 _d5804 |
||